[Event "28. Offene Internationale Bayerische Schachmeisterschaft"]
[Site "Gmund am Tegernsee"]
[Date "2025.11.06"]
[Round "6"]
[Board "38"]
[White "Meister, Peter"]
[Black "Pfau, Beate"]
[Result "1/2-1/2"]
[WhiteElo "2315"]
[BlackElo "1957"]
[PlyCount "0"]
[EventDate "2025.11.01"]
[EventRounds "9"]
[EventCountry "GER"]

1. d4 Nf6 2. Nf3 g6 3. Bg5 Bg7 4. Nbd2 c5 5. e3 O-O 6. c3 b6 7. a4 Nc6 8. Be2 d5
9. h3 Re8 10. O-O Bb7 11. Qb3 Na5 12. Qc2 Nc6 13. Rfd1 Rc8 14. Qb1 cxd4 15. exd4
Qc7 16. Bd3 Nh5 17. Re1 Nf4 18. Bf1 Nh5 19. Qa2 e6 20. Nb3 h6 21. Be3 Kh7 22. a5
Rcd8 23. Bb5 Re7 24. axb6 axb6 25. Qb1 Nf6 26. Nc1 Ne4 27. Nd3 Na5 28. Bf4 Qc8 29.
Nde5 Nc6 30. h4 Nxe5 31. Nxe5 Nd6 32. Bd3 f5 33. g4 Bf6 34. Qc1 Bg7 35. f3 Bc6 36.
Kg2 Be8 37. Bc2 Rb7 38. Qe3 Bf8 39. Nd3 Bf7 40. Ne5 Be8 41. Ra2 Bg7 42. Nd3 Bf7 43.
Rea1 Nc4 44. Qe1 fxg4  1/2-1/2

[Event "28. Offene Internationale Bayerische Schachmeisterschaft"]
[Site "Gmund am Tegernsee"]
[Date "2025.11.06"]
[Round "6"]
[Board "39"]
[White "Ostensson, Julia"]
[Black "Adharsh, K"]
[Result "0-1"]
[WhiteElo "1956"]
[BlackElo "2299"]
[PlyCount "0"]
[EventDate "2025.11.01"]
[EventRounds "9"]
[EventCountry "GER"]

1. e4 c5 2. Nf3 d6 3. d4 cxd4 4. Nxd4 Nf6 5. Nc3 Nc6 6. Bg5 e6 7. Qd2 Be7 8. O-O-O
a6 9. f4 Bd7 10. Nf3 b5 11. e5 b4 12. exd6 bxc3 13. Qxc3 Bf8 14. Bc4 Na5 15. Ne5
Rc8 16. Rhe1 h6 17. Bxe6 Bxe6 18. d7+ Nxd7 19. Bxd8 Rxc3 20. Nxd7 Bd6 21. Rxd6 Rc6
22. Rd3 Kxd8 23. Ne5+ Kc7 24. Nxc6 Nxc6 25. b3 g5 26. Rf1 a5 27. f5 Bc8 28. Re3 Rd8
29. c4 a4 30. Rh3 Rd6 31. g4 Ne5 32. Rg1 Bb7 33. Re3 f6 34. Rh3 Bf3 35. Rhg3 axb3
36. axb3 Rd3 37. Kc2 Re3 38. h3 Kc6 39. Kb2 Nd3+ 40. Ka3 Kc5 41. Rf1 Re8 42. Ka2
Re2+ 43. Ka1 Be4 44. Rd1 Nb4  0-1

[Event "28. Offene Internationale Bayerische Schachmeisterschaft"]
[Site "Gmund am Tegernsee"]
[Date "2025.11.06"]
[Round "6"]
[Board "40"]
[White "Dietlmeier, Tobias"]
[Black "Dehlinger, Alexander"]
[Result "0-1"]
[WhiteElo "1917"]
[BlackElo "2298"]
[PlyCount "0"]
[EventDate "2025.11.01"]
[EventRounds "9"]
[EventCountry "GER"]

1. d4 Nf6 2. Bg5 e6 3. e4 h6 4. Bxf6 Qxf6 5. Nc3 d6 6. Qd2 c6 7. O-O-O e5 8. Nge2
Be7 9. f4 O-O 10. Kb1 Rd8 11. d5 Bg4 12. f5 Qg5 13. Qe1 h5 14. h3 Bxe2 15. h4 Qh6
16. Bxe2 Nd7 17. g4 hxg4 18. Bxg4 Kf8 19. Qf2 c5 20. Rdg1 Bf6 21. Be2 Ke7 22. Nd1
Rh8 23. h5 Bg5 24. Rh3 Nf6 25. Qg2 Bf4 26. Rb3 Rab8 27. a4 Rhc8 28. c4 Qh8 29. Nc3
Bh6 30. Kc2 Be3 31. Rh1 Bd4 32. Nd1 Qh6 33. Rhh3 Qf4 34. Bf3 Rh8 35. Kb1 b6 36. Rg3
Rh7 37. a5 Kf8 38. Ka2 Nd7 39. Nf2 Qd2 40. Nd3 Qxg2 41. Rxg2 Ke7 42. Ne1 Nf6 43.
axb6 Rxb6 44. Rxb6 axb6 45. Kb3 Nxh5 46. Bxh5 Rxh5 47. Rxg7 Rh4 48. Ka4 Rxe4 49.
Nf3 Rf4 50. Ng5 Rxf5 51. Ne6 Kf6 52. Nxd4 cxd4 53. Rg8 e4 54. b4 e3  0-1

[Event "28. Offene Internationale Bayerische Schachmeisterschaft"]
[Site "Gmund am Tegernsee"]
[Date "2025.11.06"]
[Round "6"]
[Board "41"]
[White "Borchert, Finn"]
[Black "Warchol, Kamil"]
[Result "0-1"]
[WhiteElo "1912"]
[BlackElo "2282"]
[PlyCount "0"]
[EventDate "2025.11.01"]
[EventRounds "9"]
[EventCountry "GER"]

1. Nf3 d5 2. d3 Nf6 3. g3 c5 4. Bg2 Nc6 5. O-O e6 6. Nbd2 Be7 7. e4 O-O 8. Re1 b5
9. exd5 Nxd5 10. c4 Nc7 11. cxb5 Nxb5 12. Qa4 Rb8 13. Nc4 f6 14. Be3 e5 15. Rac1
Bd7 16. Ncd2 Ncd4 17. Bxd4 Nxd4 18. Qc4+ Be6 19. Qa6 Rb6 20. Qxa7 Nc6 21. Qa4 Nb4
22. Nc4 Ra6 23. Qb3 Rxa2 24. Nfxe5 fxe5 25. Rxe5 Bf7 26. Rce1 Qxd3 27. Qxd3 Nxd3
28. Rxe7 Nxe1  0-1

[Event "28. Offene Internationale Bayerische Schachmeisterschaft"]
[Site "Gmund am Tegernsee"]
[Date "2025.11.06"]
[Round "6"]
[Board "42"]
[White "Hashagen, Tim"]
[Black "Schneider, Jana"]
[Result "0-1"]
[WhiteElo "1883"]
[BlackElo "2274"]
[PlyCount "0"]
[EventDate "2025.11.01"]
[EventRounds "9"]
[EventCountry "GER"]

1. e4 e5 2. Nf3 Nc6 3. Bc4 Nf6 4. d3 Bc5 5. c3 d6 6. O-O a6 7. Bb3 Ba7 8. Be3 h6
9. Bxa7 Rxa7 10. Nbd2 Ne7 11. d4 Ng6 12. dxe5 dxe5 13. Nc4 Qe7 14. Re1 O-O 15. Ne3
Nf4 16. Nd5 N6xd5 17. exd5 Bg4 18. Qd4 exd4 19. Rxe7 Bxf3 20. gxf3 a5 21. Rxc7 Ra6
22. Re1 a4 23. Bc4 Rg6+ 24. Kf1 d3 25. Rd1 Nh3 26. Rxd3 Rg1+ 27. Ke2 Nf4+ 28. Ke3
Nxd3 29. Kxd3 Rb8 30. Bb5 Rd1+ 31. Ke4 Rd2 32. Bxa4 b5 33. Bb3 Re8+ 34. Kf4 g5+ 35.
Kg4 Kg7 36. d6 Rf8 37. h4 gxh4 38. Kxh4 Rxd6 39. Rb7 Rf6 40. Kg3 Rg8 41. f4 h5 42.
Rxb5 Kh6+ 43. Kf3 h4 44. Re5 Rg1 45. Re8 Kg7 46. Bd5 h3 47. Re5 h2 48. Ke3 Re1+ 49.
Kd4 Rd1+  0-1

[Event "28. Offene Internationale Bayerische Schachmeisterschaft"]
[Site "Gmund am Tegernsee"]
[Date "2025.11.06"]
[Round "6"]
[Board "43"]
[White "Mazatis, Benjamin"]
[Black "Engel, Bruno"]
[Result "0-1"]
[WhiteElo "1858"]
[BlackElo "2274"]
[PlyCount "0"]
[EventDate "2025.11.01"]
[EventRounds "9"]
[EventCountry "GER"]

1. d4 d6 2. Nf3 Nf6 3. c4 g6 4. Nc3 Bf5 5. d5 Bg7 6. Nd4 Bd7 7. e4 O-O 8. Rb1 e5
9. dxe6 fxe6 10. Be2 Nc6 11. Be3 Nxd4 12. Bxd4 Bc6 13. f3 Nh5 14. g3 Bxd4 15. Qxd4
e5 16. Qd2 Ng7 17. Qh6 Ne6 18. Kd2 a6 19. Rbf1 b5 20. Kc1 Nd4 21. h4 b4 22. h5 g5
23. c5 bxc3 24. Bc4+ d5 25. exd5 cxb2+ 26. Kb1 Bxd5 27. Bxd5+ Qxd5 28. Qxg5+ Kh8
29. h6 Rf7 30. Rh5 Nxf3 31. Rxf3 Qd1+ 32. Kxb2 Qxf3 33. Qxe5+ Qf6  0-1

[Event "28. Offene Internationale Bayerische Schachmeisterschaft"]
[Site "Gmund am Tegernsee"]
[Date "2025.11.06"]
[Round "6"]
[Board "44"]
[White "Yasaswi, Krishna Bommi"]
[Black "Oberhofer, Cedric"]
[Result "0-1"]
[WhiteElo "1843"]
[BlackElo "2272"]
[PlyCount "0"]
[EventDate "2025.11.01"]
[EventRounds "9"]
[EventCountry "GER"]

1. Nf3 c5 2. g3 g6 3. Bg2 Bg7 4. d3 Nc6 5. e4 d6 6. O-O Nf6 7. c3 O-O 8. h3 e5 9.
Bg5 h6 10. Be3 Re8 11. c4 a6 12. Nc3 Rb8 13. a4 Bd7 14. Kh2 Kh7 15. Ne1 Nd4 16. f4
exf4 17. Bxf4 Bc6 18. Nf3 Ne6 19. Bd2 Nd7 20. Rb1 Rf8 21. b4 cxb4 22. Rxb4 Ne5 23.
Nxe5 Bxe5 24. Nd5 h5 25. Bc3 Bxc3 26. Nxc3 Qa5 27. Qb1 Qe5 28. Qe1 h4 29. Nd5 Kg7
30. Nf6 Nd4 31. Ng4 Qxg3+ 32. Qxg3 hxg3+ 33. Kxg3 f5 34. exf5 gxf5 35. Nf2 Bxg2 36.
Kxg2 Nc2  0-1

[Event "28. Offene Internationale Bayerische Schachmeisterschaft"]
[Site "Gmund am Tegernsee"]
[Date "2025.11.07"]
[Round "7"]
[Board "1"]
[White "Engel, Luis"]
[Black "Abdisalimov, Abdimalik"]
[Result "1-0"]
[WhiteElo "2567"]
[BlackElo "2553"]
[PlyCount "0"]
[EventDate "2025.11.01"]
[EventRounds "9"]
[EventCountry "GER"]

1. e4 c5 2. Nf3 d6 3. d4 cxd4 4. Nxd4 Nf6 5. Nc3 a6 6. h3 e5 7. Nb3 Be6 8. f4 Nbd7
9. g4 Rc8 10. f5 Bxb3 11. axb3 Rxc3 12. bxc3 Nxe4 13. h4 Qb6 14. Qf3 d5 15. Bb2 Bc5
16. O-O-O Nf2 17. Qxd5 Nxd1 18. Qxd1 Qc6 19. Rh3 e4 20. g5 e3 21. b4 Ba7 22. c4 O-O
23. c5 Bb8 24. Kb1 Re8 25. Qd4 Be5 26. Qxe3 a5 27. g6 axb4 28. h5 Qd5 29. Qd3 Qxd3
30. Rxd3 Nxc5 31. Re3 f6 32. Bc4+ Kh8 33. Re1 h6 34. Bb5 Rc8 35. Bxe5 fxe5 36. Rxe5
b3 37. c3 Kg8 38. Re7 Na6 39. Bc4+  1-0

[Event "28. Offene Internationale Bayerische Schachmeisterschaft"]
[Site "Gmund am Tegernsee"]
[Date "2025.11.07"]
[Round "7"]
[Board "2"]
[White "Hardaway, Brewington"]
[Black "Ghazarian, Kirk"]
[Result "1/2-1/2"]
[WhiteElo "2522"]
[BlackElo "2520"]
[PlyCount "0"]
[EventDate "2025.11.01"]
[EventRounds "9"]
[EventCountry "GER"]

1. e4 e6 2. d4 d5 3. e5 c5 4. c3 Nc6 5. Nf3 Qb6 6. Be2 cxd4 7. cxd4 Nh6 8. Bxh6 Qxb2
9. Nbd2 gxh6 10. O-O Bd7 11. Rb1 Qxa2 12. Rxb7 Rb8 13. Rxb8+ Nxb8 14. Qb1 Qxb1 15.
Rxb1 Nc6  1/2-1/2

[Event "28. Offene Internationale Bayerische Schachmeisterschaft"]
[Site "Gmund am Tegernsee"]
[Date "2025.11.07"]
[Round "7"]
[Board "3"]
[White "Gokerkan, Cem Kaan"]
[Black "Tabatabaei, M. Amin"]
[Result "0-1"]
[WhiteElo "2502"]
[BlackElo "2681"]
[PlyCount "0"]
[EventDate "2025.11.01"]
[EventRounds "9"]
[EventCountry "GER"]

1. e4 e5 2. Nf3 Nc6 3. Nc3 Nf6 4. d4 Bb4 5. Nxe5 Bxc3+ 6. bxc3 Qe7 7. f3 Nxe5 8.
dxe5 Qxe5 9. Qd4 d6 10. Bd3 c5 11. Qxe5+ dxe5 12. Be3 b6 13. a4 Be6 14. a5 Kd7 15.
Bb5+ Kc7 16. O-O Rhd8 17. Bg5 Kb7 18. Rfb1 Rdc8 19. Bh4 Ne8 20. Bg3 f6 21. f4 Nd6
22. fxe5 Nxb5 23. Rxb5 f5 24. exf5 Bxf5 25. Rbb1 Rd8 26. Re1 Be6 27. axb6 a5 28.
c4 a4 29. Ra3 Rd4 30. c3 Rxc4 31. Rd1 Ra6 32. Rd6 Rxb6 33. Kf2 h5 34. Ke3 h4 35.
Rxb6+ Kxb6 36. Be1 Bd5 37. Kd3 Rg4 38. g3 h3 39. Bf2 Bc4+ 40. Ke3 Bb3 41. Ra1 Kc6
42. Kd2 g5 43. Be3 Kb5 44. Kd3 Bc4+ 45. Kd2 Re4 46. Rb1+ Bb3 47. Bxg5 Kc4 48. Rf1
a3 49. Kc1 Re2 50. Kb1 Rxh2 51. Re1 Rb2+ 52. Ka1 h2 53. Bc1 Ra2+ 54. Kb1 Re2 55.
Rh1 Bc2+  0-1

[Event "28. Offene Internationale Bayerische Schachmeisterschaft"]
[Site "Gmund am Tegernsee"]
[Date "2025.11.07"]
[Round "7"]
[Board "4"]
[White "Gholami Orimi, Mahdi"]
[Black "Gumularz, Szymon"]
[Result "1/2-1/2"]
[WhiteElo "2513"]
[BlackElo "2584"]
[PlyCount "0"]
[EventDate "2025.11.01"]
[EventRounds "9"]
[EventCountry "GER"]

1. c4 b6 2. d4 Bb7 3. Nc3 e6 4. e4 Bb4 5. f3 Qh4+ 6. g3 Bxc3+ 7. bxc3 Qe7 8. c5 Nc6
9. Ba3 Nh6 10. Bd3 f5 11. Nh3 fxe4 12. fxe4 O-O 13. Nf2 Nf7 14. h4 d6 15. cxd6 cxd6
16. O-O e5 17. Bb2 Rac8 18. a3 Na5 19. Qe2 Qc7 20. Rae1 Nc4 21. Bc1 Na5 22. Bb2 Nc4
23. Bc1 Na5  1/2-1/2

[Event "28. Offene Internationale Bayerische Schachmeisterschaft"]
[Site "Gmund am Tegernsee"]
[Date "2025.11.07"]
[Round "7"]
[Board "5"]
[White "Costa, Leonardo"]
[Black "Chanda, Sandipan"]
[Result "0-1"]
[WhiteElo "2546"]
[BlackElo "2483"]
[PlyCount "0"]
[EventDate "2025.11.01"]
[EventRounds "9"]
[EventCountry "GER"]

1. d4 e6 2. c4 f5 3. g3 Nf6 4. Bg2 d5 5. Nf3 Bd6 6. O-O O-O 7. Nbd2 c6 8. Ne5 Nbd7
9. Ndf3 Ng4 10. Bf4 Ngxe5 11. Nxe5 Nxe5 12. Bxe5 Bxe5 13. dxe5 b6 14. Rc1 Bb7 15.
f4 Qe7 16. Qb3 Ba6 17. Qe3 Bxc4 18. b3 Qa3 19. Rc2 Bb5 20. Qc1 Qxc1 21. Rfxc1 c5
22. a4 Bd7 23. a5 Rfc8 24. e3 Kf8 25. Bf1 Ke7 26. Kf2 Rab8 27. h4 Kd8 28. Be2 bxa5
29. Rxc5 Rxb3 30. Rxc8+ Bxc8 31. Ra1 Kc7 32. Rxa5 Kb6 33. Ra2 a5 34. Bd1 Rb4 35.
Ba4 Ba6 36. Bd7 Bc4 37. Ra3 Rb3 38. Rxb3+ Bxb3 39. Ke1 a4 40. Kd2 a3 41. Kc3 d4+
42. exd4 Bd5 43. Ba4 Ka5 44. Be8 a2 45. Kb2 Kb4 46. h5 h6 47. Bg6 Bb3 48. Bf7 Kb5
49. Bg8 Kc6  0-1

[Event "28. Offene Internationale Bayerische Schachmeisterschaft"]
[Site "Gmund am Tegernsee"]
[Date "2025.11.07"]
[Round "7"]
[Board "6"]
[White "Bauer, Christian"]
[Black "Colpe, Malte"]
[Result "1-0"]
[WhiteElo "2550"]
[BlackElo "2375"]
[PlyCount "0"]
[EventDate "2025.11.01"]
[EventRounds "9"]
[EventCountry "GER"]

1. d4 d5 2. Nf3 Nf6 3. g3 e6 4. Bg2 Be7 5. c4 O-O 6. O-O dxc4 7. Nc3 c5 8. dxc5 Qa5
9. Qd4 Nc6 10. Qxc4 Qxc5 11. Qxc5 Bxc5 12. Bf4 Nd5 13. Nxd5 exd5 14. Rfd1 Be6 15.
Rac1 Bb6 16. Ne5 Ne7 17. Nd3 Rfc8 18. Bd6 Rxc1 19. Rxc1 Nc6 20. Bc5 g5 21. Kf1 Rd8
22. b4 Bxc5 23. Rxc5 Ne7 24. Rc7 Rd7 25. Rc3 d4 26. Rc1 Nd5 27. Rc8+ Kg7 28. Nc5
Rd6 29. Nxe6+ fxe6 30. Bxd5 Rxd5 31. Rc7+ Kg6 32. Rxb7 a5 33. a4 axb4 34. Rxb4 d3
35. Ke1 Re5 36. Rb2 Ra5 37. Ra2 dxe2 38. Kxe2 Kf5 39. Kd3 Kg4 40. Kc4 Kh3 41. Kb4
Rf5 42. a5 Kxh2 43. a6 Rf8 44. a7 Ra8 45. Kc5 h5 46. Kb6 Kg1 47. f4 gxf4 48. gxf4
h4 49. Kb7 Rh8 50. a8=Q Rxa8 51. Kxa8 h3 52. Kb8 h2 53. Kc7 h1=Q 54. Ra1+ Kg2 55.
Rxh1 Kxh1 56. Kd6  1-0

[Event "28. Offene Internationale Bayerische Schachmeisterschaft"]
[Site "Gmund am Tegernsee"]
[Date "2025.11.07"]
[Round "7"]
[Board "7"]
[White "Pultinevicius, Paulius"]
[Black "Meins, Gerlef"]
[Result "0-1"]
[WhiteElo "2542"]
[BlackElo "2370"]
[PlyCount "0"]
[EventDate "2025.11.01"]
[EventRounds "9"]
[EventCountry "GER"]

1. c4 e5 2. g3 Nc6 3. Bg2 g6 4. Nc3 Bg7 5. e3 d6 6. Nge2 Nge7 7. d3 O-O 8. Rb1 a5
9. a3 Bd7 10. b4 axb4 11. axb4 Qc8 12. b5 Nd8 13. h4 h5 14. e4 Ne6 15. O-O c6 16.
Na4 Qc7 17. bxc6 bxc6 18. Nb6 Rab8 19. Nxd7 Qxd7 20. Rxb8 Rxb8 21. Bh3 Qa7 22. Bxe6
fxe6 23. Bg5 Kh7 24. Qa1 Qd7 25. Qa4 Ng8 26. Kg2 Nh6 27. Nc3 Nf7 28. Bd2 Bh6 29.
Rb1 Rxb1 30. Nxb1 Qb7 31. Bxh6 Kxh6 32. Nd2 Kg7 33. Nf3 Kf6 34. c5 dxc5 35. Qa5 Qd7
36. Qc3 Qd6 37. Kf1 Ke7 38. Ke2 Kf6 39. Qa3 c4 40. Qxd6 Nxd6 41. Nd2 cxd3+ 42. Kxd3
Ke7 43. Nc4 Nxc4 44. Kxc4 Kd7  0-1

[Event "28. Offene Internationale Bayerische Schachmeisterschaft"]
[Site "Gmund am Tegernsee"]
[Date "2025.11.07"]
[Round "7"]
[Board "8"]
[White "Horvath, Dominik"]
[Black "Martin, Julian"]
[Result "1-0"]
[WhiteElo "2541"]
[BlackElo "2360"]
[PlyCount "0"]
[EventDate "2025.11.01"]
[EventRounds "9"]
[EventCountry "GER"]

1. g3 d5 2. d4 Nf6 3. Bg2 c5 4. Nf3 cxd4 5. O-O h6 6. b3 e6 7. Bb2 Be7 8. Nxd4 O-O
9. c4 Nc6 10. Nd2 Qb6 11. e3 Bd7 12. Rc1 Nb4 13. Ra1 Nd3 14. Bc3 Rac8 15. Qe2 Nc5
16. Rfd1 Rfe8 17. N4f3 Red8 18. Ne5 Be8 19. Bd4 Qa6 20. a4 Nce4 21. Ng4 Nxd2 22.
Nxf6+ Bxf6 23. Bxf6 gxf6 24. Qxd2 dxc4 25. Qxd8 Rxd8 26. Rxd8 Kf8 27. bxc4 Ke7 28.
Rc8 b6 29. Rc7+ Kd6 30. Bb7 Qa5 31. Rc8 Qe5 32. Rd1+ Ke7 33. Bc6 Bxc6 34. Rxc6 Qb8
35. a5 Qb7 36. Rcd6 Qc7 37. axb6 axb6 38. R6d4 Qc6 39. Rh4 Qc5 40. Rb1 f5 41. Rxh6
Qxc4 42. Rh4 Qc5 43. Rhb4 e5 44. Rxb6 f4 45. R6b5 Qd6 46. exf4 exf4 47. Rf5  1-0

[Event "28. Offene Internationale Bayerische Schachmeisterschaft"]
[Site "Gmund am Tegernsee"]
[Date "2025.11.07"]
[Round "7"]
[Board "9"]
[White "Morawietz, Dieter"]
[Black "Visakh, N R"]
[Result "0-1"]
[WhiteElo "2346"]
[BlackElo "2540"]
[PlyCount "0"]
[EventDate "2025.11.01"]
[EventRounds "9"]
[EventCountry "GER"]

1. d4 Nf6 2. c4 e6 3. Nf3 b6 4. g3 Bb7 5. Bg2 Be7 6. O-O O-O 7. Re1 Na6 8. Nc3 Ne4
9. h4 Nxc3 10. bxc3 f5 11. Ne5 Bxg2 12. Kxg2 Bf6 13. Bg5 Nb8 14. Bxf6 Qxf6 15. e3
d6 16. Qf3 c6 17. Nxc6 Nxc6 18. Qxc6 Qe7 19. Qf3 Rac8 20. c5 dxc5 21. Rad1 cxd4 22.
exd4 f4 23. Qe4 fxg3 24. fxg3 Rxc3 25. d5 Qa3 26. Qxe6+ Kh8 27. Qe5 Rc2+ 28. Kh3
Qxa2 29. d6 Rh2+ 30. Kg4 Qf7 31. Re3 Qg6+ 32. Qg5 h5#  0-1

[Event "28. Offene Internationale Bayerische Schachmeisterschaft"]
[Site "Gmund am Tegernsee"]
[Date "2025.11.07"]
[Round "7"]
[Board "10"]
[White "Gopal, G.N."]
[Black "Heinrich, John"]
[Result "0-1"]
[WhiteElo "2539"]
[BlackElo "2338"]
[PlyCount "0"]
[EventDate "2025.11.01"]
[EventRounds "9"]
[EventCountry "GER"]

1. e4 c5 2. Nf3 e6 3. d4 cxd4 4. Nxd4 Nf6 5. Nc3 Nc6 6. Nxc6 bxc6 7. e5 Nd5 8. Ne4
Qa5+ 9. c3 Ba6 10. Be2 Bxe2 11. Qxe2 f5 12. exf6 Nxf6 13. Nxf6+ gxf6 14. O-O Rg8
15. Bf4 Qf5 16. Bg3 a5 17. Rad1 Be7 18. Rfe1 a4 19. Rd4 Ra5 20. a3 h5 21. Red1 Ra7
22. Bd6 Rg4 23. Bxe7 Rxd4 24. Rxd4 Kxe7 25. h4 c5 26. Rd2 Rb7 27. Qa6 Qf4 28. Qxb7
Qxd2 29. g3 f5 30. Qb8 f4 31. gxf4 Qd1+ 32. Kg2 Qg4+ 33. Kf1 Qxh4 34. Qe5 Qh1+ 35.
Ke2 Qd5 36. Qg7+ Kd6 37. Qf8+ Kc7 38. f3 h4 39. Qh8 Qb3 40. Qxh4 Qxb2+ 41. Kd3 Qb1+
42. Ke3 Qc1+ 43. Kd3 Qxa3 44. f5 exf5 45. Qf4+ Kc6 46. Qxf5 Qb3 47. Qf8 c4+ 48. Kd4
Qd1+ 49. Ke3 Qe1+ 50. Kd4 Qd2+ 51. Ke4 Qd3+ 52. Kf4 Qd6+ 53. Qxd6+ Kxd6 54. Ke3 a3
 0-1

[Event "28. Offene Internationale Bayerische Schachmeisterschaft"]
[Site "Gmund am Tegernsee"]
[Date "2025.11.07"]
[Round "7"]
[Board "11"]
[White "Nithin, Babu"]
[Black "Dragnev, Valentin"]
[Result "0-1"]
[WhiteElo "2310"]
[BlackElo "2537"]
[PlyCount "0"]
[EventDate "2025.11.01"]
[EventRounds "9"]
[EventCountry "GER"]

1. e4 e5 2. Nf3 Nc6 3. Bc4 Bc5 4. d3 d6 5. c3 Nf6 6. b4 Bb6 7. a4 a5 8. b5 Ne7 9.
O-O Ng6 10. Nbd2 O-O 11. d4 Re8 12. Qb3 Be6 13. Bxe6 Rxe6 14. Re1 Qd7 15. Qc2 Rae8
16. d5 R6e7 17. Nc4 Nh5 18. h3 Rf8 19. Be3 Ngf4 20. Kh2 f5 21. exf5 e4 22. Nxb6 Qxf5
23. Nc4 Nxg2 24. Nd4 Nxe1 25. Rxe1 Qxd5 26. Qe2 Ref7 27. Rg1 Nf4 28. Bxf4 Rxf4 29.
Rg2 Rf3 30. Ne3 Qe5+ 31. Kg1 Rxh3 32. Qc4+ Rf7 33. Ng4 Qf4 34. Ne3 Qh6 35. Kf1 Rxe3
36. Rxg7+ Kxg7 37. Ne6+ Kg8  0-1

[Event "28. Offene Internationale Bayerische Schachmeisterschaft"]
[Site "Gmund am Tegernsee"]
[Date "2025.11.07"]
[Round "7"]
[Board "12"]
[White "Sasikiran, Krishnan"]
[Black "Forchert, Martin"]
[Result "1-0"]
[WhiteElo "2535"]
[BlackElo "2336"]
[PlyCount "0"]
[EventDate "2025.11.01"]
[EventRounds "9"]
[EventCountry "GER"]

1. e4 d5 2. exd5 Qxd5 3. Nc3 Qa5 4. g3 Nf6 5. Bg2 c6 6. h3 Bf5 7. Nf3 h6 8. O-O e6
9. d3 Be7 10. a4 Nbd7 11. Nd2 O-O 12. Nc4 Qc7 13. Qe2 e5 14. f4 Bc5+ 15. Kh2 Rae8
16. fxe5 Bg6 17. Bf4 Nh5 18. Rae1 Bd4 19. Bf3 Nxf4 20. gxf4 f6 21. Be4 Bf7 22. Nd6
Bxe5 23. Nxe8 Bxf4+ 24. Kh1 Rxe8 25. Qg4 Bd6 26. Rg1 Bf8 27. Qf5 Rxe4 28. Nxe4 Kh8
29. c4 c5 30. Rg2 Qc6 31. Nc3 g6 32. Qe4 f5 33. Qxc6 bxc6 34. Rge2 Kg7 35. Re7  1-0

[Event "28. Offene Internationale Bayerische Schachmeisterschaft"]
[Site "Gmund am Tegernsee"]
[Date "2025.11.07"]
[Round "7"]
[Board "13"]
[White "Vrolijk, Liam"]
[Black "Adharsh, K"]
[Result "1-0"]
[WhiteElo "2521"]
[BlackElo "2299"]
[PlyCount "0"]
[EventDate "2025.11.01"]
[EventRounds "9"]
[EventCountry "GER"]

1. c4 Nf6 2. Nf3 e6 3. b3 d5 4. Bb2 Be7 5. e3 O-O 6. Nc3 b6 7. cxd5 exd5 8. d4 Bb7
9. Bd3 Nbd7 10. O-O c5 11. Rc1 Rc8 12. Qe2 Re8 13. Rfd1 Qc7 14. dxc5 bxc5 15. Ba6
Qb6 16. Bxb7 Qxb7 17. Qb5 Qxb5 18. Nxb5 a6 19. Nc3 Nb6 20. a4 a5 21. Nb5 c4 22. Bxf6
gxf6 23. Nfd4 Bb4 24. Ra1 cxb3 25. Nxb3 Kg7 26. N3d4 Kg6 27. Ne2 Red8 28. Nf4+ Kg7
29. g3 Rc4 30. Kg2 Bf8 31. Nd4 Kh8 32. Rdb1 Bb4 33. Ra2 Rdc8 34. Nd3 Nd7 35. Nxb4
axb4 36. a5 Nc5 37. a6 Ra8 38. a7 Nd3 39. Rd2 Nc5 40. Ra2 Nd3 41. Rd2 Nc5 42. Nb5
b3 43. Rxd5 Rc2 44. Nd4 Rc3 45. Nb5 Rc2 46. Rbd1 Ne6 47. Rd7 Kg8 48. Rb7 Rcc8 49.
Rb1 Nc5 50. Rb6 b2 51. Nd6 Rf8 52. Rc6 Nd3 53. Nb5 Rfd8 54. Rc3 Kg7 55. h4 h5 56.
Nd4 Ne5 57. Rc7 Rd5 58. Rxb2 Ra5 59. Rbb7 Ra2 60. Nb5  1-0

[Event "28. Offene Internationale Bayerische Schachmeisterschaft"]
[Site "Gmund am Tegernsee"]
[Date "2025.11.07"]
[Round "7"]
[Board "14"]
[White "Warchol, Kamil"]
[Black "Chasin, Nico"]
[Result "0-1"]
[WhiteElo "2282"]
[BlackElo "2512"]
[PlyCount "0"]
[EventDate "2025.11.01"]
[EventRounds "9"]
[EventCountry "GER"]

1. e4 e5 2. Nf3 Nc6 3. Nc3 Nf6 4. d4 exd4 5. Nxd4 Bb4 6. Nxc6 bxc6 7. Bd3 d5 8. Bd2
O-O 9. O-O Rb8 10. Re1 Bg4 11. Qc1 Be6 12. h3 Re8 13. a3 Be7 14. b4 Nd7 15. exd5
cxd5 16. Nb5 c5 17. bxc5 Nxc5 18. Nd4 Bd7 19. Bf4 Rc8 20. Qd2 Nxd3 21. Qxd3 Qa5 22.
Nb3 Qa4 23. Be5 Bf8 24. Bb2 Re4 25. Rad1 Rxe1+ 26. Rxe1 h6 27. Rd1 Qc4 28. Qxd5 Qxd5
29. Rxd5 Rxc2 30. Rd2 Rc7 31. Be5 Rb7 32. Na5 Rb5 33. Bc3 Rc5 34. Bb4 Rc7 35. Nb3
f6 36. Nc5 Be8 37. Rd8 Kf7 38. Nd3 Be7 39. Rd4 Rd7 40. Rxd7 Bxd7 41. Kf1 Bd8 42.
Ke2 Bc6 43. g3 g5 44. Ke3 h5 45. Bc5 a5 46. Bd4 Ke6 47. Nc5+ Kd5 48. Ne4 f5 49. Nf6+
Kc4 50. Nxh5 Bg2 51. f4 Bxh3 52. Ng7 gxf4+ 53. gxf4 Be7 54. a4 Ba3 55. Be5 Bc1+ 56.
Ke2 Bg4+ 57. Ke1 Kb4 58. Ne6 Kxa4 59. Nc5+ Kb5 60. Nb3 Be3  0-1

[Event "28. Offene Internationale Bayerische Schachmeisterschaft"]
[Site "Gmund am Tegernsee"]
[Date "2025.11.07"]
[Round "7"]
[Board "15"]
[White "Dehlinger, Alexander"]
[Black "Celik, Hasan Huseyin"]
[Result "1/2-1/2"]
[WhiteElo "2298"]
[BlackElo "2494"]
[PlyCount "0"]
[EventDate "2025.11.01"]
[EventRounds "9"]
[EventCountry "GER"]

1. Nf3 g6 2. d4 Bg7 3. c4 Nf6 4. g3 c5 5. dxc5 Na6 6. Nc3 Nxc5 7. Bg2 b6 8. O-O Bb7
9. Bd2 Nfe4 10. Rc1 O-O 11. b3 Nxd2 12. Qxd2 d6 13. Nd4 Bxg2 14. Kxg2 Qd7 15. Rfd1
Qb7+ 16. Kg1 Ne4 17. Nxe4 Qxe4 18. Qd3 Qxd3 19. Rxd3 Rfc8 20. Rcd1 a6 21. a4 Rc5
22. e3 Kf8 23. h4 Ke8 24. Kg2 Rac8 25. e4 Re5 26. Kf3 Kd7 27. R1d2 Rf8 28. Ra2 Rc5
29. Kg2 f5 30. exf5 gxf5 31. Rad2 Bxd4 32. Rxd4 a5 33. Kf3 h5 34. Rd5 Rg8 35. R5d4
Ke6 36. Re2+ Kf6 37. Red2 Rg4 38. Rd1 Re5 39. Rd5 Rge4 40. Rxe5 Rxe5 41. Rd2 Rc5
42. Rd1 Re5 43. Rd2 Rc5 44. Rd1 Re5 45. Ke4  1/2-1/2

[Event "28. Offene Internationale Bayerische Schachmeisterschaft"]
[Site "Gmund am Tegernsee"]
[Date "2025.11.07"]
[Round "7"]
[Board "16"]
[White "Ioannidis, Evgenios"]
[Black "Nurman, Alua"]
[Result "1-0"]
[WhiteElo "2479"]
[BlackElo "2344"]
[PlyCount "0"]
[EventDate "2025.11.01"]
[EventRounds "9"]
[EventCountry "GER"]

1. d4 Nf6 2. Nf3 g6 3. Nbd2 Bg7 4. e4 d6 5. Bb5+ c6 6. Bd3 O-O 7. O-O Qc7 8. a4 c5
9. dxc5 Qxc5 10. Nb3 Qc7 11. h3 Nc6 12. c3 e5 13. Bg5 Be6 14. Nbd2 d5 15. Bxf6 Bxf6
16. exd5 Bxd5 17. Qe2 Bg7 18. Bc4 Rad8 19. Rfd1 h6 20. Bxd5 Rxd5 21. Nc4 Rfd8 22.
Ne3 Rxd1+ 23. Rxd1 e4 24. Nd2 f5 25. Ndc4 Kh7 26. g3 Qf7 27. Rxd8 Nxd8 28. Qd2 Nc6
29. Kf1 Ne5 30. Nxe5 Bxe5 31. Qd8 Qc7 32. Qd5 Bg7 33. Qe6 h5 34. Kg1 Qe5 35. Qf7
h4 36. gxh4 Qf4 37. Qe7 Qf3 38. Qg5 Bh6 39. Qe7+ Bg7 40. Qxb7 Qxh3 41. Ng2 Qg4 42.
Qxa7 Qd1+ 43. Kh2 Qd6+ 44. Kh3 Qd1 45. Qc7 Qxa4 46. h5 gxh5 47. Qf7 Qb5 48. c4 Qxb2
49. Qxh5+ Kg8 50. Qxf5 Bd4 51. Ne3 Bxe3 52. fxe3 Qb1 53. Qe6+ Kg7 54. Kg4 Qd1+ 55.
Kg5 Qf3 56. Qg6+ Kf8 57. Qf6+ Ke8 58. Qf4 Kd7 59. Kf5 Kc6 60. Ke5 Kc5 61. Qxe4 Qh5
62. Qf5 Qe2 63. Qc8+ Kb4 64. Qb7+ Kc3 65. Qe4 Kb4 66. Kd6 Qh2+ 67. Qf4 Qd2+ 68. Qd4
Qh2+ 69. Kc6 Qg2+ 70. e4 Qg8 71. c5+ Ka5 72. Qd2+ Ka4 73. Kc7 Kb5 74. Qd5  1-0